Top 10 Highest Grossing Movies of 2023 - Statistics

General Stats
  • This quiz has been taken 160 times
  • The average score is 6 of 10
Answer Stats
#* Movie Gross* Hint Company % Correct
1 Barbie 1.4 Comedy, Ken, Greta Gerwig Warner Bros.
97%
3 Oppenheimer .9 World War II, Atomic Bomb, FDR Universal
94%
5 Fast X .7 Vin Diesel, Fast Saga, Cars Universal
85%
6 Spider-Man: Across the Spider-Verse .6 Animated, Sequel, Multiverse Sony
78%
2 The Super Mario Bros. Movie 1.3 Video Game, Animated, Italian Universal
77%
10 Mission: Impossible - Dead Reckoning .5 Tom Cruise, Action, Sequel Paramount
63%
4 Guardians of the Galaxy Vol. 3 .8 Superhero, MCU, James Gunn Disney
59%
9 The Little Mermaid .5 Disney, Remake, Musical Disney
49%
7 Full River Red .6 Foreign, Historical, Comedy Edko
1%
8 The Wandering Earth 2 .6 Foreign, Sequel, Adventure CFGC
1%
No matching quizzes found
Score Distribution
Percent of People with Each Score
Percentile by Number Answered
Your Score History
You have not taken this quiz